Normal view
MARC view
- SUPERVISOR ,AKHTAR KHURSHID
Entry Personal Name
001 - CONTROL NUMBER
- control field: 72336
003 - CONTROL NUMBER IDENTIFIER
- control field: NUST
005 - DATE AND TIME OF LATEST TRANSACTION
- control field: 20210628204758.0
008 - FIXED-LENGTH DATA ELEMENTS
- fixed length control field: 210628|| aca||aabn | a|a d
040 ## - CATALOGING SOURCE
- Original cataloging agency: NUST
- Transcribing agency: NUST
100 ## - HEADING--PERSONAL NAME
- Personal name: SUPERVISOR ,AKHTAR KHURSHID
670 ## - SOURCE DATA FOUND
- Source citation: Work cat.: (NUST): MAAZ HASAN, DANISH 72335, PR-SOF-1032-DESIGN AND DEVELOPMENT OF A MECHANISM FOR GRASPING NOVEL OBJECTS IN CLUTTERED ENVIRONMENT, 2010
